000 00751nam a2200241 a 4500
001 13965
003 BD-JhCC
005 20240519112213.0
008 240519b1992 n |||| ||a| 001 0 eng d
020 _a9780671765460
035 _a(BD-JhCC)13965
040 _aBD-JhCC
_dBD-JhCC
041 _aenglish
082 _a158.1
_bBRI 1992
100 _a Bristol, Claude M.
245 _aTNT : The power within you :
_bHow to release the forces inside you and get what you want /
_cClaude M. Bristol, Harold M. Sherman.
260 _a New York:
_bSimon & Schuster;
_c 1992.
300 _a238 p. :
_c20 cm.
650 _apsychology
_vRéalisation de soi
_xSelf-realization
_zAchievement
700 _a Sherman,Harold
942 _2ddc
_cBK
999 _c13965
_d13965